<?xml version="1.0" encoding="UTF-8"?>
<record
    xmlns:xsi="http://www.w3.org/2001/XMLSchema-instance"
    xsi:schemaLocation="http://www.loc.gov/MARC21/slim http://www.loc.gov/standards/marcxml/schema/MARC21slim.xsd"
    xmlns="http://www.loc.gov/MARC21/slim">

  <leader>00585nam a22001457a 4500</leader>
  <datafield tag="999" ind1=" " ind2=" ">
    <subfield code="c">113499</subfield>
    <subfield code="d">113499</subfield>
  </datafield>
  <controlfield tag="005">20190806120321.0</controlfield>
  <controlfield tag="008">190806b           ||||| |||| 00| 0 eng d</controlfield>
  <datafield tag="040" ind1=" " ind2=" ">
    <subfield code="c">PK-LaUMT</subfield>
  </datafield>
  <datafield tag="082" ind1=" " ind2=" ">
    <subfield code="a">RHC 891.439317</subfield>
    <subfield code="b">RAH-U</subfield>
  </datafield>
  <datafield tag="100" ind1=" " ind2=" ">
    <subfield code="a">Raheela Bashir = &#x631;&#x627;&#x62D;&#x6CC;&#x644;&#x6C1; &#x628;&#x634;&#x6CC;&#x631;</subfield>
  </datafield>
  <datafield tag="245" ind1=" " ind2=" ">
    <subfield code="a">Urdu afsanay men khair o shar ka tasawwar (qiyyam e Pakistan ke bad) =   &#x627;&#x631;&#x62F;&#x648; &#x627;&#x641;&#x633;&#x627;&#x646;&#x6D2; &#x645;&#x6CC;&#x6BA; &#x62E;&#x6CC;&#x631;&#x648;&#x634;&#x631; &#x6A9;&#x627; &#x62A;&#x635;&#x648;&#x631; ( &#x642;&#x6CC;&#x627;&#x645; &#x67E;&#x627;&#x6A9;&#x633;&#x62A;&#x627;&#x646; &#x6A9;&#x6D2; &#x628;&#x639;&#x62F; )  /</subfield>
    <subfield code="c">by Raheela Bashir = &#x631;&#x627;&#x62D;&#x6CC;&#x644;&#x6C1; &#x628;&#x634;&#x6CC;&#x631;</subfield>
  </datafield>
  <datafield tag="260" ind1=" " ind2=" ">
    <subfield code="a">Faisalabad :</subfield>
    <subfield code="b">Misaal Publishers,</subfield>
    <subfield code="c">2015</subfield>
  </datafield>
  <datafield tag="300" ind1=" " ind2=" ">
    <subfield code="a">432 p.</subfield>
  </datafield>
  <datafield tag="942" ind1=" " ind2=" ">
    <subfield code="c">BK</subfield>
  </datafield>
  <datafield tag="952" ind1=" " ind2=" ">
    <subfield code="0">0</subfield>
    <subfield code="1">0</subfield>
    <subfield code="4">0</subfield>
    <subfield code="7">0</subfield>
    <subfield code="a">01</subfield>
    <subfield code="b">01</subfield>
    <subfield code="d">2019-08-06</subfield>
    <subfield code="l">0</subfield>
    <subfield code="o">RHC 891.439317 RAH-U</subfield>
    <subfield code="p">112821</subfield>
    <subfield code="r">2019-08-06 00:00:00</subfield>
    <subfield code="w">2019-08-06</subfield>
    <subfield code="y">BK</subfield>
  </datafield>
</record>
